00246nam a2200109Ia 4500008004100000100001300041245003400054260001500088650001100103942000700114999001500121190216s9999||||xx |||||||||||||| ||und|| aCain A J 4aThe Morphology Of Gymnosperms bHutchinson aBotany cBK c1165d1165